La Discrecionalidad de la administración pública en España : análisis jurisprudencial, legislativo y doctrinal, 1894 - 1983 / Antonio Mozo Seoane ; prólogo de Alfredo Gallego Anabitarte análisis jurisprudencial, legislativo y doctrinal, 1894 - 1983 / Antonio Mozo Seoane ; prólogo de Alfredo Gallego Anabitarte
ISBN:
84-7111-211-6
Descripción Física:
606 p. ; 24 cm
Otros Autores:
Gallego Anabitarte, Alfredo
MARC
| LEADER | 00000nam a2200000Ia 4500 | ||
|---|---|---|---|
| 001 | 20042 | ||
| 008 | 160829s1985 xx 000 0 cat d | ||
| 020 | |a 84-7111-211-6 | ||
| 080 | |a D-3-193 | ||
| 100 | |a Mozo Seoane, Antonio |9 45156 | ||
| 245 | |a La Discrecionalidad de la administración pública en España : |b análisis jurisprudencial, legislativo y doctrinal, 1894 - 1983 / Antonio Mozo Seoane ; prólogo de Alfredo Gallego Anabitarte | ||
| 260 | |a Madrid : |b Montecorvo, |c 1985 | ||
| 300 | |a 606 p. ; |c 24 cm | ||
| 590 | |a Bibliografia | ||
| 650 | |a Poder discrecional |x Dret i legislació |x Espanya |x Història |9 45157 | ||
| 650 | |a Dret administratiu |x Legislació |x Espanya |9 25686 | ||
| 700 | |a Gallego Anabitarte, Alfredo |9 24596 | ||
| 901 | |a Arxiu | ||
| 942 | |n 1 | ||
| 952 | |0 1 |1 0 |2 udc |4 0 |5 2 |6 D3193 |7 1 |9 52401 |a Arxiu |b Arxiu |d 2016-12-01 |l 0 |o D-3-193 |p 20042 |r 2016-12-01 00:00:00 |w 2016-12-01 |y ARXIU | ||
| 999 | |c 56249 |d 56249 | ||